<?xml version="1.0" encoding="UTF-8"?>
<record
    xmlns:xsi="http://www.w3.org/2001/XMLSchema-instance"
    xsi:schemaLocation="http://www.loc.gov/MARC21/slim http://www.loc.gov/standards/marcxml/schema/MARC21slim.xsd"
    xmlns="http://www.loc.gov/MARC21/slim">

  <leader>03425cam a2200373 i 4500</leader>
  <controlfield tag="001">9821554</controlfield>
  <controlfield tag="003">CaAEU</controlfield>
  <controlfield tag="005">20260128122449.0</controlfield>
  <controlfield tag="008">210626t20212021nyu      b    001 0 eng  </controlfield>
  <datafield tag="010" ind1=" " ind2=" ">
    <subfield code="a">  2021024506</subfield>
  </datafield>
  <datafield tag="020" ind1=" " ind2=" ">
    <subfield code="a">9780593423066</subfield>
    <subfield code="q">(hardcover)</subfield>
  </datafield>
  <datafield tag="035" ind1=" " ind2=" ">
    <subfield code="a">on1252762785</subfield>
  </datafield>
  <datafield tag="037" ind1=" " ind2=" ">
    <subfield code="b">Penguin Group USA, Attn: Order Processing 405 Murray Hill Pkwy, East Rutherford, NJ, USA, 07073-2136</subfield>
    <subfield code="n">SAN 201-3975</subfield>
  </datafield>
  <datafield tag="039" ind1=" " ind2=" ">
    <subfield code="a">exclude</subfield>
  </datafield>
  <datafield tag="040" ind1=" " ind2=" ">
    <subfield code="a">LBSOR/DLC</subfield>
    <subfield code="b">eng</subfield>
    <subfield code="e">rda</subfield>
    <subfield code="c">DLC</subfield>
    <subfield code="d">OCLCO</subfield>
    <subfield code="d">OCLCF</subfield>
    <subfield code="d">TOH</subfield>
    <subfield code="d">OCO</subfield>
    <subfield code="d">YDX</subfield>
    <subfield code="d">JTH</subfield>
    <subfield code="d">YUS</subfield>
    <subfield code="d">CLU</subfield>
    <subfield code="d">OCLCQ</subfield>
    <subfield code="d">KYC</subfield>
    <subfield code="d">JPL</subfield>
    <subfield code="d">AEVC</subfield>
  </datafield>
  <datafield tag="041" ind1=" " ind2=" ">
    <subfield code="a">EN</subfield>
  </datafield>
  <datafield tag="042" ind1=" " ind2=" ">
    <subfield code="a">pcc</subfield>
  </datafield>
  <datafield tag="043" ind1=" " ind2=" ">
    <subfield code="a">n-us---</subfield>
  </datafield>
  <datafield tag="050" ind1="0" ind2="0">
    <subfield code="a">E185.86</subfield>
    <subfield code="b">.M4273 2021</subfield>
  </datafield>
  <datafield tag="100" ind1=" " ind2=" ">
    <subfield code="a">McWhorter, John H.,</subfield>
    <subfield code="e">author.</subfield>
    <subfield code="9">26699</subfield>
  </datafield>
  <datafield tag="245" ind1="1" ind2="0">
    <subfield code="a">Woke racism </subfield>
    <subfield code="b">: how a new religion has betrayed Black America </subfield>
    <subfield code="c">/ John McWhorter.</subfield>
  </datafield>
  <datafield tag="264" ind1=" " ind2="1">
    <subfield code="a">New York, NY :</subfield>
    <subfield code="b">Portfolio/Penguin, an imprint of Penguin Random House LLC,</subfield>
    <subfield code="c">[2021]</subfield>
  </datafield>
  <datafield tag="264" ind1=" " ind2="4">
    <subfield code="c">&#xA9;2021</subfield>
  </datafield>
  <datafield tag="300" ind1=" " ind2=" ">
    <subfield code="a">xv, 201 pages ;</subfield>
    <subfield code="c">24 cm</subfield>
  </datafield>
  <datafield tag="500" ind1=" " ind2=" ">
    <subfield code="a">Place of publication from publisher's Web site.</subfield>
  </datafield>
  <datafield tag="504" ind1=" " ind2=" ">
    <subfield code="a">Includes bibliographical references and index.</subfield>
  </datafield>
  <datafield tag="505" ind1="0" ind2=" ">
    <subfield code="a">What kind of people? &#x2014; The new religion &#x2014; What attracts people to this religion? &#x2014; What's wrong with it being a religion? : it hurts Black people &#x2014; Beyond "dismantling structures" : saving Black America for real &#x2014; How do we work around them?</subfield>
  </datafield>
  <datafield tag="520" ind1=" " ind2=" ">
    <subfield code="a">"Acclaimed linguist and award-winning writer John McWhorter argues that an illiberal neoracism, disguised as antiracism, is hurting Black communities and weakening the American social fabric. Americans of good will on both the left and the right are secretly asking themselves the same question: how has the conversation on race in America gone so crazy? We're told read books and listen to music by people of color but that wearing certain clothes is "appropriation." We hear that being white automatically gives you privilege and that being Black makes you a victim. We want to speak up but fear we'll be seen as unwoke, or worse, labeled a racist. According to John McWhorter, the problem is that a well-meaning but pernicious form of antiracism has become, not a progressive ideology, but a religion--and one that's illogical, unreachable, and unintentionally neoracist. In Woke Racism, McWhorter reveals the workings of this new religion, from the original sin of "white privilege" and the weaponization of cancel culture to ban heretics, to the evangelical fervor of the "woke mob." He shows how this religion that claims to "dismantle racist structures" is actually harming his fellow Black Americans by infantilizing Black people, setting Black students up for failure, and passing policies that disproportionately damage Black communities. The new religion might be called "antiracism," but it features a racial essentialism that's barely distinguishable from racist arguments of the past. Fortunately for Black America, and for all of us, it's not too late to push back against woke racism. McWhorter shares scripts and encouragement with those trying to deprogram friends and family. And most importantly, he offers a roadmap to justice that actually will help, not hurt, Black America"--</subfield>
    <subfield code="c">Provided by publisher</subfield>
  </datafield>
  <datafield tag="650" ind1=" " ind2="0">
    <subfield code="a">African Americans </subfield>
    <subfield code="x">Social conditions </subfield>
    <subfield code="y">1975-</subfield>
    <subfield code="9">26700</subfield>
  </datafield>
  <datafield tag="650" ind1=" " ind2="0">
    <subfield code="a">Anti-racism</subfield>
    <subfield code="z">United States.</subfield>
  </datafield>
  <datafield tag="650" ind1=" " ind2="0">
    <subfield code="a">Race discrimination</subfield>
    <subfield code="z">United States.</subfield>
  </datafield>
  <datafield tag="650" ind1=" " ind2="0">
    <subfield code="a">Whites </subfield>
    <subfield code="x">Attitudes</subfield>
    <subfield code="z">United States.</subfield>
    <subfield code="9">26702</subfield>
  </datafield>
  <datafield tag="942" ind1=" " ind2=" ">
    <subfield code="2">lcc</subfield>
  </datafield>
  <datafield tag="952" ind1=" " ind2=" ">
    <subfield code="0">0</subfield>
    <subfield code="1">0</subfield>
    <subfield code="2">lcc</subfield>
    <subfield code="4">0</subfield>
    <subfield code="7">0</subfield>
    <subfield code="a">TBS</subfield>
    <subfield code="b">TBS</subfield>
    <subfield code="d">2026-01-28</subfield>
    <subfield code="l">0</subfield>
    <subfield code="o">E185.615 MCH</subfield>
    <subfield code="r">2026-01-28</subfield>
    <subfield code="t">1</subfield>
    <subfield code="w">2026-01-28</subfield>
    <subfield code="y">1</subfield>
    <subfield code="z">SOON AVAILABLE</subfield>
  </datafield>
  <datafield tag="999" ind1=" " ind2=" ">
    <subfield code="c">5313</subfield>
    <subfield code="d">5313</subfield>
  </datafield>
</record>
